00830 2200289 4500001002100000005001500021035002500036008004100061020002200102040001700124082001500141084001700156100002400173245010900197250001100306260003600317300002500353504003300378650001000411700002000421850001200441007000300453090002100456090002100477999002100498990002100519INLIS00000000001600320200520090846 a0010-011600000000094160106s2015 yoi g | ind d a978-602-0806-03-7 aYOPDYOGbind04222a297.23 a297.23 MUY b0 aMuyassaroh Hafidzah 0aBahkan tetap ada surga bagi pendosa sekalipun bila... /cMuyassaroh Hafidzah; penyunting, AH. Zain Malik aCet. 13 aYogyakarta :bDiva Press,c2015 a223 halaman ;c20 cm aBibliografi: halaman 220-223 4aSurga1 aZain Malik, AH. aYOPDYOGta aDEP 297.23 MUY b aCB-D.11 2015-554 aCB-D.11/2015-554 aCB-D.11/2015-554